000 00565nam a2200193Ia 4500
005 20250508151032.0
008 008 250505s9999 xx 000 0 eng d
037 _aTextual
040 _aFEDL
_beng
_cFEDL
041 _aeng
_2eng
084 _a150, PLO
_qFEDL
100 _aPlotkin Lawrence
_9758254
245 0 _aWork book to accompany gardner murphy's: An introduction to psychology
260 _aNew York, USA
_bHarper and Brothers
_c1951
300 _av,97p.
650 _aPsychology
942 _cTEXL
_h150, PLO
999 _c1327196
_d1327196